[Event "GER-ch U25 op-B"]
[White "Mahr, Thorben"]
[Black "Goeb, Franziska"]
[Site "Willingen"]
[Round "6"]
[Result "1/2-1/2"]
[Date "2024.05.22"]
[WhiteElo "1496"]
[BlackElo "1602"]
[PlyCount "76"]
[EventDate "2024.05.19"]
[EventType "swiss"]
[EventRounds "9"]
[EventCountry "GER"]
[SourceTitle "EXT 2025"]
[Source "ChessBase"]
[SourceDate "2024.10.14"]
[SourceVersion "1"]
[SourceVersionDate "2024.10.14"]
[SourceQuality "1"]

1. e4 e5 2. Nf3 Nc6 3. Bb5 Nf6 4. Nc3 Nd4 5. Bc4 Nxf3+ 6. Qxf3 c6 7. d3 d6 8. Bg5 Be7 9. h3 Bd7 10. Bb3 a5 11. a4 Qc7 12. Qe3 h6 13. Bh4 0-0 14. 0-0 Rfe8 15. Bxf6 Bxf6 16. f4 exf4 17. Qxf4 Be6 18. Ra3 Rad8 19. Kh1 Bxb3 20. Rxb3 Be5 21. Qf2 Ra8 22. Ne2 Bf6 23. Nd4 Bxd4 24. Qxd4 Re5 25. Qb6 Qxb6 26. Rxb6 Rb8 27. Rf5 Rxf5 28. exf5 Kf8 29. b4 axb4 30. Rxb4 Ra8 31. Rxb7 Rxa4 32. Rb6 Ke7 33. Rxc6 Rf4 34. g4 h5 35. Kg2 hxg4 36. hxg4 Rxg4+ 37. Kf3 Rd4 38. Ke3 Rh4 1/2-1/2

[Event "GER-ch U25 op-B"]
[White "Meijers, Jaroslav"]
[Black "Mahr, Thorben"]
[Site "Willingen"]
[Round "5"]
[Result "1-0"]
[Date "2024.05.22"]
[WhiteElo "1704"]
[BlackElo "1496"]
[PlyCount "55"]
[EventDate "2024.05.19"]
[EventType "swiss"]
[EventRounds "9"]
[EventCountry "GER"]
[SourceTitle "EXT 2025"]
[Source "ChessBase"]
[SourceDate "2024.10.14"]
[SourceVersion "1"]
[SourceVersionDate "2024.10.14"]
[SourceQuality "1"]

1. d4 d5 2. c4 e6 3. Nc3 Nf6 4. cxd5 exd5 5. Bg5 Be7 6. e3 0-0 7. Bd3 h6 8. Bh4 Be6 9. Nf3 Nbd7 10. Qc2 c6 11. h3 b5 12. 0-0 a6 13. a3 c5 14. dxc5 Nxc5 15. Bf5 Rc8 16. Nd4 Bxf5 17. Nxf5 Nce4 18. Nxe7+ Qxe7 19. Nxd5 Rxc2 20. Nxe7+ Kh7 21. Bxf6 Nxf6 22. b4 g6 23. Rac1 Ra2 24. Rc6 Ne4 25. Rxa6 Nd2 26. Rd1 Nc4 27. Rd3 Re8 28. Nc6 1-0

[Event "GER-ch U25 op-B"]
[White "Mahr, Thorben"]
[Black "Klages, Jonas"]
[Site "Willingen"]
[Round "4"]
[Result "1/2-1/2"]
[Date "2024.05.21"]
[WhiteElo "1496"]
[BlackElo "1693"]
[PlyCount "60"]
[EventDate "2024.05.19"]
[EventType "swiss"]
[EventRounds "9"]
[EventCountry "GER"]
[SourceTitle "EXT 2025"]
[Source "ChessBase"]
[SourceDate "2024.10.14"]
[SourceVersion "1"]
[SourceVersionDate "2024.10.14"]
[SourceQuality "1"]

1. e4 e6 2. d4 d5 3. exd5 exd5 4. Nf3 Bd6 5. c4 dxc4 6. Bxc4 Qe7+ 7. Be3 Nf6 8. 0-0 0-0 9. h3 h6 10. Re1 Qd8 11. Nc3 Bf5 12. Qb3 b6 13. Rac1 Nc6 14. Qa4 Ne7 15. Nb5 Ned5 16. Nxd6 Qxd6 17. Bxd5 Nxd5 18. Rc6 Qd8 19. Qb3 Be6 20. Qd1 Nb4 21. Rc1 Nxa2 22. Ra1 Nb4 23. Ne5 Bf5 24. Qf3 Bh7 25. Nc6 Nxc6 26. Qxc6 Qd6 27. Rec1 Qb4 28. Qxc7 Qxb2 29. Rxa7 Rxa7 30. Qxa7 Be4 1/2-1/2